000
00298nam a22001217a 4500
999
_c
15431
_d
15431
020
_a
9789381450307
082
_a
624
_b
ROY/FU
100
_a
Roy R.K
_9
3128
245
_a
Fundamentals of garden designing /
260
_a
New delhi;
_b
New india publishing agency ,
_c
2013
300
_a
699.
942
_c
BK